Organización (Record no. 147542)

MARC details
000 -LEADER
campo de control de longitud fija 00756nam a2200181 i 4500
001 - NÚMERO DE CONTROL
campo de control 147542
003 - IDENTIFICADOR DE NÚMERO DE CONTROL
campo de control ES-MaACL
005 - FECHA Y HORA DE LA ÚLTIMA TRANSACCIÓN
campo de control 20230906202054.0
007 - CAMPO FIJO DE DESCRIPCIÓN FÍSICA--INFORMACIÓN GENERAL
campo de control de longitud fija t|
008 - DATOS DE LONGITUD FIJA--INFORMACIÓN GENERAL
campo de control de longitud fija 071003s1933 sp ||||1| spa d
110 2# - ENTRADA PRINCIPAL--NOMBRE DE ENTIDAD CORPORATIVA
Nombre de entidad corporativa o nombre de jurisdicción como elemento de entrada Universidad Autónoma de Barcelona.
Unidad subordinada Facultad de Filosofía y Letras y Pedagogía.
9 (RLIN) 160590
245 10 - MENCIÓN DEL TÍTULO
Título Organización
Resto del título : regimen de estudios. Programa de cursos para el año 1933-34 /
Mención de responsabilidad, etc. Universidad de Autonoma de Barcelona, Facultad de Filosofía y Letras y Pedagogía.
260 ## - PUBLICACIÓN, DISTRIBUCIÓN, ETC.
Lugar de publicación, distribución, etc. Barcelona :
Nombre del editor, distribuidor, etc. [s.n.],
Fecha de publicación, distribución, etc. 1933 (
Fabricante Imp. Mallorca)
300 ## - DESCRIPCIÓN FÍSICA
Extensión 101 p. ;
Dimensiones 21 cm.
610 2# - PUNTO DE ACCESO ADICIONAL DE MATERIA--NOMBRE DE ENTIDAD CORPORATIVA
Nombre de entidad corporativa o nombre de jurisdicción como elemento de entrada Universidad Autónoma de Barcelona-
Subdivisión de forma Programas de estudios.
9 (RLIN) 160589
650 ## - PUNTO DE ACCESO ADICIONAL DE MATERIA--TÉRMINO DE MATERIA
Término de materia o nombre geográfico como elemento de entrada Enseñanza superior-
Subdivisión geográfica Barcelona.
9 (RLIN) 160587
852 ## - LOCALIZACIÓN
Ubicación ES-MaACL
Número de control de estantería A-1831
Holdings
Estatus retirado Estado de pérdida Estado de daño No para préstamo Biblioteca de origen Biblioteca actual Ubicación en estantería Fecha de adquisición Fuente de adquisición Total de préstamos Signatura topográfica completa Código de barras Visto por última vez Precio de reemplazo Tipo de ítem Koha
        Biblioteca del Ateneo de Madrid Biblioteca del Ateneo de Madrid Sala Pecera Planta 1 17/01/2008     A-1831 1153972 23/02/2023 23/02/2023 Libro impreso